| 000 | 00661nam a2200229 i 4500 | ||
|---|---|---|---|
| 001 | bgj | ||
| 100 | 1 | _aGILL, Simon | |
| 245 | 1 | 0 |
_aIntercultural Activities / _cSimon Gill ; Michaela Cankova. |
| 260 |
_aOxford : _bOxford University Press, _c2002. |
||
| 300 |
_aVI, 65 pp : _bill. ; _c27 cm. |
||
| 490 | 1 | _aOxford Basics | |
| 650 | 9 |
_aEnglish language _xStudy and teaching _xForeign speakers |
|
| 650 | 9 | _aMulticutural education | |
| 700 | 1 |
_aCANKOVA, Michaela. _eco-author |
|
| 830 | _aOxford Basics | ||
| 020 | _a0194421783 | ||
| 040 | _cBPK | ||
| 041 | _aeng | ||
| 920 | _a0-19-442178-3 | ||
| 942 | _cKS | ||
| 008 | s uk f |000 0 eng | ||
| 999 |
_c48577 _d48577 |
||
| 856 |
_uhttp://koha.tu.koszalin.pl/cgi-bin/koha/opac-detail.pl?biblionumber=48577 _yKatalog online BPK |
||